|
|
|
|
| LEADER |
01530naa a2200409 a 4500 |
| 001 |
000084708 |
| 003 |
SVKKK |
| 005 |
20070621110949.0 |
| 008 |
060731c2006 xo e slo |
| FMT |
|
|
|
| 038 |
|
|
|a SVKKK
|
| 040 |
|
|
|a SVKKK
|b slo
|e AACR2
|
| 041 |
0 |
|
|a slo
|b eng
|b slo
|
| 044 |
|
|
|a xo
|c SK
|
| 080 |
|
|
|a 631.5
|2 1997
|
| 080 |
|
|
|a 631.95:061
|2 1997
|
| 090 |
|
|
|a III.206608
|
| 100 |
1 |
|
|a Žák, Štefan
|4 aut
|
| 245 |
1 |
0 |
|a Zmeny agrochemických vlastností pôdy v ekologickom a low input systéme =
|b Agrochemical soil properties changes in organic and low input system
|c Štefan Žák, Zuzana Lehocká, Magdaléna Bieliková
|
| 300 |
|
|
|b Grafy, tab.
|
| 504 |
|
|
|a Bibliogr. odkazy
|
| 504 |
|
|
|a Res. angl., slov.
|
| 610 |
2 |
4 |
|a Výskumný ústav rastlinnej výroby (Piešťany, Slovensko).
|b Experimentálne pracovisko (Borovce, Slovensko)
|x experimenty
|y 2002-2005
|x štúdie
|
| 650 |
0 |
4 |
|a ekologický systém hospodárenia
|x vplyvy
|
| 650 |
0 |
4 |
|a low input systém hospodárenia
|x vplyvy
|
| 650 |
0 |
4 |
|a orná pôda
|x agrochemické vlastnosti
|
| 700 |
1 |
|
|a Bieliková, Magdaléna
|4 aut
|
| 700 |
1 |
|
|a Lehocká, Zuzana
|4 aut
|
| 773 |
0 |
|
|t Zborník vedeckých prác Slovenského poľnohospodárskeho výskumu v Nitre - Ústavu agroekológie v Michalovciach 22
|d Michalovce : Slovenské cetrum poľnohospodárskeho výskumu - Ústav agroekológie, 2006
|z 80-88872-60-X
|g S. 157-169
|
| 957 |
|
|
|a 204
|
| 958 |
|
|
|a NB
|
| 974 |
|
|
|a Čr
|
| 992 |
|
|
|a RZB
|
| BAS |
|
|
|
| 852 |
|
|
|a SVKKK
|b BIB
|
| EXP |
|
|
|
| 998 |
|
|
|a SLO
|